<?xml version="1.0" encoding="UTF-8"?>
<record
    xmlns:xsi="http://www.w3.org/2001/XMLSchema-instance"
    xsi:schemaLocation="http://www.loc.gov/MARC21/slim http://www.loc.gov/standards/marcxml/schema/MARC21slim.xsd"
    xmlns="http://www.loc.gov/MARC21/slim">

  <leader>01008    a2200229   4500</leader>
  <controlfield tag="001">47611</controlfield>
  <datafield tag="020" ind1=" " ind2=" ">
    <subfield code="a">9788574066400</subfield>
  </datafield>
  <datafield tag="041" ind1=" " ind2=" ">
    <subfield code="a">por</subfield>
  </datafield>
  <datafield tag="082" ind1=" " ind2=" ">
    <subfield code="a">[E]</subfield>
  </datafield>
  <datafield tag="100" ind1=" " ind2=" ">
    <subfield code="a">Kondo, Daniel.</subfield>
  </datafield>
  <datafield tag="300" ind1=" " ind2=" ">
    <subfield code="b">il. color</subfield>
  </datafield>
  <datafield tag="500" ind1=" " ind2=" ">
    <subfield code="a">Edi&#xE7;&#xE3;o bilingue</subfield>
  </datafield>
  <datafield tag="520" ind1=" " ind2=" ">
    <subfield code="a">Com a mesma proposta de Coletivos On the Table, Daniel Kondo apresenta os opostos, nesta edi&#xE7;&#xE3;o bil&#xED;ngue portugu&#xEA;s-ingl&#xEA;s. Os conceitos de longe e perto, alto e baixo, devagar e r&#xE1;pido, entre outros, v&#xEA;m acompanhados de uma delicada narrativa visual que mostra as andan&#xE7;as de um garoto em sua bicicleta. Ele roda o mundo, cruza as mais diferentes paisagens, conhece diversos meios de transporte e ainda se depara com personagens muito simp&#xE1;ticos, como o E.T. de Spielberg.</subfield>
  </datafield>
  <datafield tag="521" ind1=" " ind2=" ">
    <subfield code="a">SK</subfield>
  </datafield>
  <datafield tag="697" ind1=" " ind2=" ">
    <subfield code="a">Opostos</subfield>
  </datafield>
  <datafield tag="856" ind1=" " ind2=" ">
    <subfield code="u">000033/0000337c.jpg</subfield>
  </datafield>
  <datafield tag="040" ind1=" " ind2=" ">
    <subfield code="a">BR-BrIDEA</subfield>
    <subfield code="c">BR-BrIDEA</subfield>
  </datafield>
  <datafield tag="090" ind1=" " ind2=" ">
    <subfield code="a">A SK [E]</subfield>
    <subfield code="b">KON</subfield>
  </datafield>
  <datafield tag="245" ind1="1" ind2="0">
    <subfield code="a">Opostos</subfield>
    <subfield code="b">on the table</subfield>
    <subfield code="c">Daniel Kondo</subfield>
  </datafield>
  <datafield tag="260" ind1=" " ind2=" ">
    <subfield code="a">S&#xE3;o  Paulo</subfield>
    <subfield code="b">Companhia das Letrinhas</subfield>
    <subfield code="c">2014</subfield>
  </datafield>
  <datafield tag="942" ind1=" " ind2=" ">
    <subfield code="c">BK</subfield>
  </datafield>
  <datafield tag="952" ind1=" " ind2=" ">
    <subfield code="0">0</subfield>
    <subfield code="1">0</subfield>
    <subfield code="4">0</subfield>
    <subfield code="7">0</subfield>
    <subfield code="a">87.1</subfield>
    <subfield code="b">CPL</subfield>
    <subfield code="d">2023-11-21</subfield>
    <subfield code="l">1</subfield>
    <subfield code="o">028.5 KON OPO</subfield>
    <subfield code="p">6415/AQU</subfield>
    <subfield code="r">2023-11-21 15:29:07</subfield>
    <subfield code="s">2023-11-21</subfield>
    <subfield code="w">2023-11-21</subfield>
    <subfield code="y">BK</subfield>
  </datafield>
  <datafield tag="952" ind1=" " ind2=" ">
    <subfield code="0">0</subfield>
    <subfield code="1">0</subfield>
    <subfield code="2">ddc</subfield>
    <subfield code="4">0</subfield>
    <subfield code="7">0</subfield>
    <subfield code="a">12.27</subfield>
    <subfield code="b">12.27</subfield>
    <subfield code="d">2023-01-19</subfield>
    <subfield code="l">1</subfield>
    <subfield code="o">A SK [E] KON</subfield>
    <subfield code="p">00059705AGC</subfield>
    <subfield code="q">2024-09-17</subfield>
    <subfield code="r">2024-07-19 15:02:03</subfield>
    <subfield code="s">2024-07-19</subfield>
    <subfield code="w">2024-01-23</subfield>
    <subfield code="y">BK</subfield>
  </datafield>
  <datafield tag="999" ind1=" " ind2=" ">
    <subfield code="c">47611</subfield>
    <subfield code="d">47611</subfield>
  </datafield>
</record>
